Central Library OPAC University of Rajshahi

A Mediterranean society : (Record no. 24865)

MARC details
000 -LEADER
fixed length control field 01642cam a22003611 4500
001 - CONTROL NUMBER
control field 24865
003 - CONTROL NUMBER IDENTIFIER
rucl marc code BD-RjUL
005 - DATE AND TIME OF LATEST TRANSACTION
control field 20211209001116.0
008 - FIXED-LENGTH DATA ELEMENTS--GENERAL INFORMATION
fixed length control field 140315m19679999cauabh b 001 0 eng
020 ## - INTERNATIONAL STANDARD BOOK NUMBER
International Standard Book Number 0520018672 (v. 2) :
035 ## - SYSTEM CONTROL NUMBER
System control number (BD-RjUL)24934
040 ## - CATALOGING SOURCE
Original cataloging agency DLC
Transcribing agency DLC
Modifying agency DLC
Language of cataloging eng
041 ## - LANGUAGE CODE
Language code of text/sound track or separate title eng
082 00 - DEWEY DECIMAL CLASSIFICATION NUMBER
Classification number 956.00492401822
Edition number 20
Author mark and year GOM 1967
100 1# - MAIN ENTRY--PERSONAL NAME
Personal name Goitein, S. D.,
Dates associated with a name 1900-1985.
9 (RLIN) 76526
245 12 - TITLE STATEMENT
Title A Mediterranean society :
Remainder of title the Jewish communities of the Arab world as portrayed in the documents of the Cairo Geniza /
Statement of responsibility, etc. S.D. Goitein.
Number of part/section of a work V-1
260 ## - PUBLICATION, DISTRIBUTION, ETC. (IMPRINT)
Place of publication, distribution, etc. Berkeley :
Name of publisher, distributor, etc. University of California Press,
Date of publication, distribution, etc. 1967
300 ## - PHYSICAL DESCRIPTION
Pagination 550 P. :
Illustrations illus., facsims., maps. ;
Size 24 cm.
500 ## - GENERAL NOTE
General note Vol. 6 by S.D. Goitein and Paula Sanders.
General note "Published under the auspices of the Near Eastern Center, University of California, Los Angeles."
504 ## - BIBLIOGRAPHY, ETC. NOTE
Bibliography, etc Includes bibliographical references and indexes.
505 1# - FORMATTED CONTENTS NOTE
Formatted contents note v. 1. Economic foundations -- v. 2. The community -- v. 3. The family -- v. 4. Daily life -- v. 5. The individual -- v. 6. Cumulative indices.
650 #0 - SUBJECT ADDED ENTRY--TOPICAL TERM
Topical term or geographic name as entry element Jews
Geographic subdivision Islamic Empire
General subdivision Civilization.
9 (RLIN) 76527
Topical term or geographic name as entry element Cairo Genizah.
9 (RLIN) 76528
651 #0 - SUBJECT ADDED ENTRY--GEOGRAPHIC NAME
Geographic name Islamic Empire
General subdivision Civilization.
9 (RLIN) 76529
700 1# - ADDED ENTRY--PERSONAL NAME
Personal name Sanders, Paula.
710 2# - ADDED ENTRY--CORPORATE NAME
Corporate name or jurisdiction name as entry element Gustave E. von Grunebaum Center for Near Eastern Studies.
9 (RLIN) 76531
856 42 - ELECTRONIC LOCATION AND ACCESS
Materials specified Contributor biographical information
Uniform Resource Identifier <a href="http://www.loc.gov/catdir/bios/ucal051/67022430.html">http://www.loc.gov/catdir/bios/ucal051/67022430.html</a>
Materials specified Publisher description
Uniform Resource Identifier <a href="http://www.loc.gov/catdir/description/ucal041/67022430.html">http://www.loc.gov/catdir/description/ucal041/67022430.html</a>
942 ## - ADDED ENTRY ELEMENTS (KOHA)
Source of classification or shelving scheme Dewey Decimal Classification
Koha item type Books
Holdings
Lost status Source of classification or shelving scheme Damaged status Not for loan Collection code Permanent Location Current Location Shelving location Date acquired Source of acquisition Cost, normal purchase price Total Checkouts Full call number Date last seen Copy number Koha item type
  Dewey Decimal Classification   Added to bundle Non-fiction Central Library, University of Rajshahi Central Library, University of Rajshahi Reading Room 13/04/1977 Heffer 15.05   956.00492401822 GOM V-1 1967 15/03/2014 C-1 Books